Movies Quiz

Random Movies or Actor Quiz

Multi-Win Acting Oscar Winners Quiz Stats

Quiz Updated Feb 7, 2016

Challenge
Share
Tweet
Score 0/41 Timer 08:00
4 Plays Today
% Correct
Tom Hanks
99.7%
Meryl Streep
96.2%
Denzel Washington
94.4%
Sean Penn
91.6%
Marlon Brando
91.3%
Jack Nicholson
87.4%
Dustin Hoffman
86.2%
Kevin Spacey
86%
Daniel Day-Lewis
86%
Robert DeNiro
84.8%
Michael Caine
83.3%
Jodie Foster
82.4%
Cate Blanchett
80.4%
Sally Field
78.4%
Hilary Swank
77.5%
Elizabeth Taylor
71.1%
Gene Hackman
70.7%
Katharine Hepburn
66.8%
Jane Fonda
61.5%
Frances McDormand
61.1%
Vivien Leigh
58.9%
% Correct
Christoph Waltz
56.3%
Maggie Smith
51.1%
Jack Lemmon
50.3%
Bette Davis
47.9%
Gary Cooper
46%
Jessica Lange
42.4%
Spencer Tracy
41.4%
Ingrid Bergman
37.1%
Jason Robards
36.4%
Anthony Quinn
31.7%
Dianne Wiest
30.1%
Shelley Winters
28.7%
Peter Ustinov
28.2%
Olivia de Havilland
25.5%
Glenda Jackson
24.4%
Helen Hayes
20%
Fredric March
16.2%
Walter Brennan
13.9%
Melvyn Douglas
11.9%
Luise Rainer
11.4%

You're not logged in!

Compare scores with friends on all Sporcle quizzes.
Join for Free
OR
Log In

You Might Also Like...

Show Comments

Extras

Top Quizzes Today


Score Distribution

Your Account Isn't Verified!

In order to create a playlist on Sporcle, you need to verify the email address you used during registration. Go to your Sporcle Settings to finish the process.

Report this User

Report this user for behavior that violates our Community Guidelines.

Details: